[Event "Moscow op-A 16th"]
[Site "Moscow"]
[Date "2020.02.02"]
[Round "9"]
[White "Zhukov, Ivan"]
[Black "Nurgali, Nazerke"]
[Result "1/2-1/2"]
[WhiteElo "2008"]
[BlackElo "2336"]
[PlyCount "57"]
[EventDate "2020.01.25"]
[EventType "swiss"]
[EventRounds "9"]
[EventCountry "RUS"]
[SourceTitle "CBM 194 Extra"]
[Source "ChessBase"]
[SourceDate "2020.03.31"]
[SourceVersion "1"]
[SourceVersionDate "2020.03.31"]
[SourceQuality "1"]

1. e4 c6 2. d4 d5 3. Nd2 dxe4 4. Nxe4 Nf6 5. Nxf6+ exf6 6. c3 Bd6 7. Bd3 0-0 8. Qc2 Re8+ 9. Ne2 h6 10. 0-0 Qc7 11. h3 Nd7 12. Be3 Nf8 13. c4 c5 14. d5 Bd7 15. a4 Qc8 16. Bd2 f5 17. f4 Nh7 18. Bc3 Be7 19. Ng3 g6 20. Rf3 Bf6 21. a5 Qd8 22. Rb1 b6 23. axb6 axb6 24. b4 Ra3 25. Bxf6 Qxf6 26. Qf2 Qe7 27. bxc5 bxc5 28. Bf1 Rxf3 29. Qxf3 1/2-1/2

[Event "Moscow op-A 16th"]
[Site "Moscow"]
[Date "2020.01.31"]
[Round "7"]
[White "Zhukov, Ivan"]
[Black "Gitelson, Arkady"]
[Result "1-0"]
[WhiteElo "2008"]
[BlackElo "2314"]
[PlyCount "77"]
[EventDate "2020.01.25"]
[EventType "swiss"]
[EventRounds "9"]
[EventCountry "RUS"]
[SourceTitle "CBM 194 Extra"]
[Source "ChessBase"]
[SourceDate "2020.03.31"]
[SourceVersion "1"]
[SourceVersionDate "2020.03.31"]
[SourceQuality "1"]

1. e4 e6 2. d4 d5 3. Nd2 Nc6 4. Ngf3 Nf6 5. e5 Nd7 6. c3 f6 7. exf6 Qxf6 8. Bb5 Bd6 9. Nf1 0-0 10. Ne3 Nb6 11. 0-0 e5 12. Bxc6 bxc6 13. dxe5 Bxe5 14. Nxe5 Qxe5 15. Qd4 Qd6 16. b3 c5 17. Qd2 d4 18. Nc2 Qg6 19. cxd4 Bb7 20. f3 cxd4 21. Nxd4 c5 22. Ne2 Rad8 23. Qg5 Qc2 24. Ng3 Qc3 25. Rb1 Rd5 26. Bb2 Rxg5 27. Bxc3 h5 28. Rbe1 h4 29. Ne4 Rg6 30. h3 Nd5 31. Be5 Ba6 32. Rf2 c4 33. bxc4 Bxc4 34. Rc1 Nb6 35. Kh2 Bd5 36. Bd4 Nc4 37. Bxa7 Ra6 38. Bd4 Rb8 39. Rfc2 1-0

[Event "Moscow op-A 16th"]
[Site "Moscow"]
[Date "2020.01.29"]
[Round "5"]
[White "Zhukov, Ivan"]
[Black "Maneluk, Daniil"]
[Result "1/2-1/2"]
[WhiteElo "2008"]
[BlackElo "2245"]
[PlyCount "120"]
[EventDate "2020.01.25"]
[EventType "swiss"]
[EventRounds "9"]
[EventCountry "RUS"]
[SourceTitle "CBM 194 Extra"]
[Source "ChessBase"]
[SourceDate "2020.03.31"]
[SourceVersion "1"]
[SourceVersionDate "2020.03.31"]
[SourceQuality "1"]

1. e4 e6 2. d4 d5 3. Nd2 Nc6 4. Ngf3 Nf6 5. e5 Nd7 6. c3 f6 7. exf6 Qxf6 8. Be2 Bd6 9. Nf1 0-0 10. Ng3 Nb6 11. 0-0 e5 12. dxe5 Nxe5 13. Nxe5 Qxe5 14. Be3 c5 15. Qd2 Qe7 16. a4 Be6 17. a5 Nd7 18. Rad1 Nf6 19. Bg5 h6 20. Bf4 Rad8 21. Bxd6 Rxd6 22. b4 b6 23. Qe3 Qc7 24. axb6 axb6 25. Bf3 Rfd8 26. bxc5 bxc5 27. Rfe1 Bc8 28. h3 d4 29. cxd4 cxd4 30. Qf4 Qf7 31. Nf5 Bxf5 32. Qxf5 d3 33. Rd2 Rd4 34. Red1 Qc4 35. g3 R4d6 36. Bg2 Rd4 37. Qf3 Ne4 38. Rxd3 Ng5 39. Qg4 Qxd3 40. Rxd3 Rxd3 41. h4 R3d4 42. Qf5 Nf7 43. Be4 R4d6 44. Qh7+ Kf8 45. Bg6 Rf6 46. Bxf7 Kxf7 47. Qc2 Rfd6 48. Qc4+ Rd5 49. Kg2 Kg8 50. Qe4 R5d6 51. Qe7 Rd2 52. Qe6+ Kh8 53. Qe7 R2d7 54. Qe6 Ra7 55. Qb6 Raa8 56. Qb7 Rf8 57. Qe7 Rf6 58. Qe5 Rff8 59. Qe3 Kh7 60. Qd3+ g6 1/2-1/2

[Event "Moscow op-A 16th"]
[Site "Moscow"]
[Date "2020.01.25"]
[Round "1"]
[White "Zhukov, Ivan"]
[Black "Khubukshanov, Erdem"]
[Result "0-1"]
[WhiteElo "2008"]
[BlackElo "2343"]
[PlyCount "84"]
[EventDate "2020.01.25"]
[EventType "swiss"]
[EventRounds "9"]
[EventCountry "RUS"]
[SourceTitle "CBM 194 Extra"]
[Source "ChessBase"]
[SourceDate "2020.03.31"]
[SourceVersion "1"]
[SourceVersionDate "2020.03.31"]
[SourceQuality "1"]

1. e4 c5 2. Nf3 Nc6 3. d4 cxd4 4. Nxd4 Qb6 5. Nb3 Nf6 6. Nc3 e6 7. Bd3 Be7 8. 0-0 0-0 9. Be3 Qc7 10. f4 d6 11. Qf3 Nb4 12. Rac1 b6 13. a3 Nxd3 14. cxd3 Bb7 15. Nd5 Qd8 16. Nxe7+ Qxe7 17. Qg3 Rac8 18. f5 Rxc1 19. Bxc1 Kh8 20. Bg5 e5 21. Qh4 Rc8 22. Rf3 Kg8 23. Rg3 Kf8 24. Bxf6 Qxf6 25. Qxh7 Ke7 26. Rxg7 d5 27. g4 Kf8 28. Rg8+ Ke7 29. g5 Rxg8 30. Qxg8 Qc6 31. f6+ Ke6 32. Qd8 dxe4 33. Qe7+ Kf5 34. Qxf7 exd3 35. Qh7+ Kg4 36. h3+ Kxg5 37. Qg7+ Kf5 38. f7 Qh1+ 39. Kf2 Qh2+ 40. Kf1 Qe2+ 41. Kg1 Qe1+ 42. Kh2 Qf2+ 0-1

[Event "Eurasia Cup op"]
[Site "Ekaterinburg"]
[Date "2019.08.01"]
[Round "2"]
[White "Zhukov, Ivan"]
[Black "Bublei, Pavel"]
[Result "0-1"]
[WhiteElo "2111"]
[BlackElo "2353"]
[PlyCount "100"]
[EventDate "2019.07.31"]
[EventType "swiss"]
[EventRounds "9"]
[EventCountry "RUS"]
[SourceTitle "CBM 191 Extra"]
[Source "ChessBase"]
[SourceDate "2019.09.30"]
[SourceVersion "1"]
[SourceVersionDate "2019.09.30"]
[SourceQuality "1"]

1. e4 c6 2. d4 d5 3. Nd2 dxe4 4. Nxe4 Nd7 5. Ng5 h6 6. Ne6 Qb6 7. Nxf8 Nxf8 8. Nf3 Nf6 9. c3 Bf5 10. Be2 Ng6 11. Qb3 Qc7 12. Bd2 0-0 13. 0-0 Rad8 14. Rad1 b6 15. Rfe1 e6 16. a4 Be4 17. a5 Nf4 18. Bxf4 Qxf4 19. axb6 axb6 20. Nd2 b5 21. g3 Qf5 22. Nxe4 Nxe4 23. f4 Nd6 24. Bd3 Qd5 25. Qc2 Nc4 26. Bxc4 Qxc4 27. Re5 Qa2 28. Rc5 Rd6 29. Qg2 b4 30. Rf1 Rb8 31. Rf2 bxc3 32. bxc3 Rb1+ 33. Rf1 Rb2 34. Qf3 Rxh2 35. Rxc6 Rxc6 36. Qxc6 Qd2 37. Qf3 Rh3 38. Qf2 Qxc3 39. Kg2 Rh5 40. Qf3 Qa5 41. Rf2 g6 42. Qe4 Qc3 43. Rf3 Qc4 44. g4 Rd5 45. Rd3 Qc2+ 46. Kg3 h5 47. g5 Ra5 48. Re3 Qc1 49. Rb3 Qg1+ 50. Kh3 Qg4+ 0-1

[Event "Samara Polugaevsky Memorial 9th"]
[Site "Samara"]
[Date "2019.07.11"]
[Round "2"]
[White "Shapiro, David"]
[Black "Zhukov, Ivan"]
[Result "1-0"]
[WhiteElo "2410"]
[BlackElo "2136"]
[PlyCount "47"]
[EventDate "2019.07.10"]
[EventType "swiss"]
[EventRounds "9"]
[EventCountry "RUS"]
[SourceTitle "EXT 2020"]
[Source "ChessBase"]
[SourceDate "2019.10.17"]
[SourceVersion "1"]
[SourceVersionDate "2019.10.17"]
[SourceQuality "1"]

1. d4 Nf6 2. Bf4 g6 3. Nc3 Bg7 4. e4 d6 5. Qd2 0-0 6. 0-0-0 c6 7. f3 Nbd7 8. Bh6 b5 9. h4 Qa5 10. h5 b4 11. Nb1 Nxh5 12. e5 Bxh6 13. Qxh6 dxe5 14. g4 Nhf6 15. g5 Nh5 16. Bd3 Rd8 17. Rxh5 Nf8 18. Rh4 exd4 19. Ne2 c5 20. Ng3 Rd6 21. Rdh1 Qxa2 22. b3 c4 23. Qxh7+ Nxh7 24. Rxh7 1-0

[Event "Moscow op-A 15th"]
[Site "Moscow"]
[Date "2019.01.27"]
[Round "2"]
[White "Zhukov, Ivan"]
[Black "Gochelashvili, David"]
[Result "0-1"]
[WhiteElo "2133"]
[BlackElo "2419"]
[PlyCount "102"]
[EventDate "2019.01.26"]
[EventType "swiss"]
[EventRounds "9"]
[EventCountry "RUS"]
[SourceTitle "CBM 188 Extra"]
[Source "ChessBase"]
[SourceDate "2019.02.26"]
[SourceVersion "1"]
[SourceVersionDate "2019.02.26"]
[SourceQuality "1"]

1. e4 d6 2. d4 Nf6 3. Nc3 c6 4. a4 g6 5. Be3 Bg7 6. f3 0-0 7. Qd2 e5 8. dxe5 dxe5 9. Qxd8 Rxd8 10. Bc4 b6 11. Nge2 Na6 12. Kf2 Nb4 13. Bb3 c5 14. Na2 Nc6 15. Bg5 Be6 16. Bxe6 fxe6 17. Rhd1 h6 18. Bd2 Nd4 19. Nxd4 exd4 20. Nc1 c4 21. Bb4 a5 22. Be7 Rd7 23. Bxf6 Bxf6 24. Ne2 Rad8 25. Nf4 Kf7 26. Rab1 d3 27. cxd3 cxd3 28. b4 b5 29. bxa5 bxa4 30. Rb4 a3 31. Ra4 g5 32. Nxd3 Rxd3 33. Rxd3 Rxd3 34. Ke2 Rd7 35. Rxa3 Bd4 36. a6 Ke7 37. g3 Kd6 38. h4 Kc6 39. hxg5 hxg5 40. f4 g4 41. e5 Kb5 42. Ra2 Bc5 43. Ra1 Ra7 44. Kd3 Bf2 45. Rb1+ Kc6 46. Rb7 Rxa6 47. Rg7 Ra3+ 48. Ke2 Bxg3 49. Rxg4 Kd5 50. Kf1 Ke4 51. Kg2 Bxf4 0-1

[Event "St Petersburg Korchnoi Memorial op"]
[Site "St Petersburg"]
[Date "2018.08.19"]
[Round "5"]
[White "Zhukov, Ivan"]
[Black "Andrijashkin, Deniss"]
[Result "1-0"]
[WhiteElo "2061"]
[BlackElo "1828"]
[PlyCount "46"]
[EventDate "2018.08.15"]
[EventType "swiss"]
[EventRounds "9"]
[EventCountry "RUS"]
[SourceTitle "CBM 186 Extra"]
[Source "ChessBase"]
[SourceDate "2018.08.24"]
[SourceVersion "1"]
[SourceVersionDate "2018.08.24"]
[SourceQuality "1"]

1. e4 e5 2. Nf3 Nc6 3. Bc4 Bc5 4. c3 Nf6 5. d3 a6 6. 0-0 0-0 7. a4 Ba7 8. Re1 h6 9. Nbd2 Re8 10. h3 d5 11. exd5 Nxd5 12. Nf1 Bf5 13. Ng3 Bg6 14. a5 Rb8 15. Qb3 Nf4 16. Bxf4 exf4 17. Ne4 Ne5 18. Nxe5 Rxe5 19. Nd2 Rxe1+ 20. Rxe1 Bxd3 21. Bxf7+ Kh7 22. Nf3 Qd6 23. Rd1 Rd8 1-0

[Event "St Petersburg Korchnoi Memorial op"]
[Site "St Petersburg"]
[Date "2018.08.18"]
[Round "4"]
[White "Nuritdinov, Nizomitdin"]
[Black "Zhukov, Ivan"]
[Result "1/2-1/2"]
[WhiteElo "1798"]
[BlackElo "2061"]
[PlyCount "152"]
[EventDate "2018.08.15"]
[EventType "swiss"]
[EventRounds "9"]
[EventCountry "RUS"]
[SourceTitle "CBM 186 Extra"]
[Source "ChessBase"]
[SourceDate "2018.08.24"]
[SourceVersion "1"]
[SourceVersionDate "2018.08.24"]
[SourceQuality "1"]

1. d4 Nf6 2. c4 g6 3. Nc3 Bg7 4. e4 d6 5. h3 0-0 6. Be3 e5 7. Nf3 Nc6 8. d5 Ne7 9. g4 a6 10. b4 Nd7 11. Rc1 h6 12. Qd2 Kh7 13. Bd3 Nb8 14. Ke2 a5 15. b5 b6 16. Rcg1 Nd7 17. Na4 Rh8 18. h4 Kg8 19. Nh2 Kh7 20. Nf1 Re8 21. Ng3 Bf8 22. f3 Ng8 23. h5 g5 24. Nf5 Be7 25. Qc3 Bf6 26. Qd2 Nf8 27. Kd1 Bxf5 28. exf5 Nd7 29. Nc3 Ne7 30. Ne4 Nc8 31. Bc2 Nc5 32. Bxc5 dxc5 33. Qc3 Nd6 34. Ke2 Nxe4 35. Bxe4 Qd6 36. Rb1 a4 37. Rhd1 Ra5 38. Qa3 Rea8 39. Rd3 R8a7 40. Rc1 Kg7 41. Rcc3 Ra8 42. Qc1 R8a7 43. Ra3 Kh7 44. Qd1 Kg7 45. Rd2 Kh8 46. Ke3 Kg7 47. Rf2 Kh8 48. Ke2 Kg7 49. Kf1 Kh8 50. Kg2 Kg7 51. Re2 Be7 52. Bc2 f6 53. Re4 Qd8 54. Rxa4 Rxa4 55. Bxa4 Bd6 56. Bb3 Ra5 57. Qd2 Ra3 58. Qb2 Qa8 59. Qd2 Qa5 60. Re2 Qxd2 61. Rxd2 Kf7 62. Kf1 Ke7 63. Ke2 Kd7 64. Kd3 Ke7 65. Kc2 Kd7 66. Kb2 Ra5 67. Bc2 Ra7 68. Rd3 Ra5 69. Ra3 Rxa3 70. Kxa3 Kc8 71. Kb3 Kb7 72. a4 Ka7 73. Ka3 Kb7 74. Kb3 Ka7 75. Be4 Kb7 76. Bc2 Ka7 1/2-1/2

[Event "RUS-ch Eurasia Cup op"]
[Site "Ekaterinburg"]
[Date "2018.08.06"]
[Round "5"]
[White "Popov, Mikhail"]
[Black "Zhukov, Ivan"]
[Result "1-0"]
[WhiteElo "2401"]
[BlackElo "2061"]
[PlyCount "47"]
[EventDate "2018.08.01"]
[EventType "swiss"]
[EventRounds "9"]
[EventCountry "RUS"]
[SourceTitle "CBM 185 Extra"]
[Source "ChessBase"]
[SourceDate "2018.07.29"]
[SourceVersion "1"]
[SourceVersionDate "2018.07.29"]
[SourceQuality "1"]

1. d4 Nf6 2. Nf3 g6 3. g3 Bg7 4. Bg2 0-0 5. 0-0 d6 6. b3 Nc6 7. Bb2 Re8 8. Qc1 Bg4 9. h3 Bd7 10. Rd1 Qc8 11. Kh2 e5 12. dxe5 dxe5 13. c4 Ne4 14. Ng5 Nxg5 15. Qxg5 Nd4 16. Nc3 Be6 17. Ne4 Bf5 18. Nf6+ Bxf6 19. Qxf6 Bd7 20. Bd5 Be6 21. Rxd4 exd4 22. Bxd4 Kf8 23. Be3 Rd8 24. Bg5 1-0

[Event "RUS-chT2"]
[Site "Sochi"]
[Date "2018.05.07"]
[Round "6.10"]
[White "Zhukov, Ivan"]
[Black "Ajrapetian, Gevorg"]
[Result "1-0"]
[WhiteElo "2097"]
[BlackElo "2398"]
[PlyCount "127"]
[EventDate "2018.05.01"]
[EventType "team-swiss"]
[EventRounds "9"]
[EventCountry "RUS"]
[SourceTitle "CBM 184 Extra"]
[Source "ChessBase"]
[SourceDate "2018.06.28"]
[SourceVersion "1"]
[SourceVersionDate "2018.06.28"]
[SourceQuality "1"]
[WhiteTeam "Krasnoyarsk Territory"]
[BlackTeam "Lipetsk Region"]
[WhiteTeamCountry "RUS"]
[BlackTeamCountry "RUS"]

1. e4 c5 2. Nf3 e6 3. d4 cxd4 4. Nxd4 a6 5. Bd3 Nf6 6. 0-0 Qc7 7. c4 b6 8. a3 Bb7 9. Nc3 d6 10. Be3 Be7 11. f3 Nbd7 12. Rc1 0-0 13. Be2 Rac8 14. Qd2 Qb8 15. Rfd1 Bd8 16. Qe1 Bc7 17. Kh1 Kh8 18. b4 Rg8 19. Nb3 g5 20. Na4 g4 21. Qh4 Rg6 22. c5 gxf3 23. gxf3 bxc5 24. bxc5 Bxe4 25. Nb6 Bxb6 26. cxb6 Rxc1 27. Rxc1 Bd5 28. Nd2 Nc5 29. Bxc5 dxc5 30. Bd3 Kg7 31. Bxg6 hxg6 32. Rb1 Nd7 33. Qf2 Bb7 34. Qe3 Qd6 35. Nc4 Qd4 36. Qxd4+ cxd4 37. Kg2 Bd5 38. Nd6 Kf6 39. b7 Nb8 40. Kf2 e5 41. Nc8 e4 42. fxe4 Bxe4 43. Rb6+ Ke5 44. Nd6 Bd5 45. Ne8 Bc6 46. Nc7 Be4 47. a4 Bd3 48. a5 Be4 49. h4 Bd3 50. Ke1 Bc4 51. Kd2 Bf1 52. Ke1 Bd3 53. Kd2 Bf1 54. Ne8 Bh3 55. Nd6 Be6 56. Kd3 Kd5 57. Ne8 Bf5+ 58. Kd2 Kc5 59. Nc7 Be4 60. Nxa6+ Nxa6 61. b8Q Nxb8 62. Rxb8 Kc6 63. a6 Kc7 64. a7 1-0

[Event "Krasnoyarsk Regional-ch"]
[Site "Krasnoyarsk"]
[Date "2017.10.07"]
[Round "8"]
[White "Dunaevskaya, Alisa"]
[Black "Zhukov, Ivan"]
[Result "0-1"]
[WhiteElo "1644"]
[BlackElo "1893"]
[PlyCount "52"]
[EventDate "2017.09.30"]
[EventType "swiss"]
[EventRounds "9"]
[EventCountry "RUS"]
[SourceTitle "CBM 181 Extra"]
[Source "ChessBase"]
[SourceDate "2017.12.12"]
[SourceVersion "1"]
[SourceVersionDate "2017.12.12"]
[SourceQuality "1"]

1. Nf3 Nf6 2. d4 g6 3. c4 Bg7 4. Nc3 d6 5. g3 0-0 6. Bg2 Nc6 7. 0-0 a6 8. Re1 Rb8 9. a3 b5 10. Qd3 bxc4 11. Qxc4 Na5 12. Qd3 Nb3 13. Rb1 Bf5 14. Qxa6 Bxb1 15. Nxb1 Nxc1 16. Rxc1 Rxb2 17. Nbd2 d5 18. e3 e6 19. Qa5 Qa8 20. Qc3 Ra2 21. Nb1 Ne4 22. Qxc7 Rxf2 23. Ne1 Qa6 24. Qc6 Qe2 25. a4 Qxe3 26. Kh1 Re2 0-1

[Event "EU-ch U12 27th"]
[Site "Mamaia"]
[Date "2017.09.12"]
[Round "7"]
[White "Nareks, Matic"]
[Black "Zhukov, Ivan"]
[Result "0-1"]
[WhiteElo "1660"]
[BlackElo "1893"]
[PlyCount "160"]
[EventDate "2017.09.05"]
[EventType "swiss"]
[EventRounds "9"]
[EventCountry "ROU"]
[SourceTitle "EXT 2018"]
[Source "ChessBase"]
[SourceDate "2017.10.13"]
[SourceVersion "1"]
[SourceVersionDate "2017.10.13"]
[SourceQuality "1"]

1. e4 c5 2. Nf3 d6 3. d4 cxd4 4. Nxd4 Nf6 5. Nc3 a6 6. Bc4 e6 7. 0-0 Be7 8. Be3 0-0 9. f4 Nc6 10. Qf3 Bd7 11. Bb3 Qc7 12. Rad1 b5 13. f5 Ne5 14. Qg3 exf5 15. Nxf5 Bxf5 16. Rxf5 Ng6 17. Bd4 Qd7 18. Qd3 Rad8 19. Rdf1 Ne5 20. Bxe5 dxe5 21. Qxd7 Rxd7 22. Rxe5 Bd6 23. Ref5 Ng4 24. Rg5 Ne3 25. Rf3 h6 26. Rh5 Ng4 27. Rd5 Bxh2+ 28. Kf1 Rxd5 29. Nxd5 Bd6 30. Ke2 Re8 31. Ne3 Ne5 32. Rf1 Bc5 33. Bd5 g6 34. Ng4 Nxg4 35. Bxf7+ Kf8 36. Bxe8+ Kxe8 37. Rf3 Ke7 38. b3 Ne5 39. Rc3 Kd6 40. Rg3 h5 41. Rh3 b4 42. c3 a5 43. cxb4 axb4 44. Rh1 Bd4 45. Rd1 Kc5 46. Rc1+ Bc3 47. Rd1 Bd4 48. Rc1+ Kd6 49. Rd1 Nc6 50. Kf3 Ke5 51. Rd2 g5 52. Rc2 Bc3 53. Ke3 Nd4 54. Rf2 h4 55. Kd3 g4 56. Rf8 Ne6 57. Rf5+ Kd6 58. Ke3 Be5 59. Rh5 Bd4+ 60. Kd2 h3 61. gxh3 g3 62. Rd5+ Ke7 63. Rxd4 g2 64. Rxb4 g1Q 65. Rb7+ Kf6 66. e5+ Kxe5 67. Rb5+ Kf6 68. Kc3 Qe1+ 69. Kc4 Qf1+ 70. Kb4 Qxh3 71. a4 Nd4 72. Rb6+ Ke5 73. Kc4 Qc8+ 74. Kb4 Qf8+ 75. Kc4 Qc8+ 76. Kb4 Kd5 77. a5 Qc5+ 78. Ka4 Ne2 79. b4 Qc2+ 80. Ka3 Nd4 0-1

[Event "EU-ch U12 27th"]
[Site "Mamaia"]
[Date "2017.09.08"]
[Round "4"]
[White "Djurovic, Peko"]
[Black "Zhukov, Ivan"]
[Result "0-1"]
[WhiteElo "1765"]
[BlackElo "1893"]
[PlyCount "69"]
[EventDate "2017.09.05"]
[EventType "swiss"]
[EventRounds "9"]
[EventCountry "ROU"]
[SourceTitle "CBM 180 Extra"]
[Source "ChessBase"]
[SourceDate "2017.10.06"]
[SourceVersion "1"]
[SourceVersionDate "2017.10.06"]
[SourceQuality "1"]

1. e4 c5 2. Nf3 d6 3. d4 cxd4 4. Qxd4 Nc6 5. Bb5 Bd7 6. Bxc6 Bxc6 7. Nc3 Nf6 8. Bg5 e6 9. 0-0-0 Be7 10. Rhe1 0-0 11. Qd2 Qc7 12. Nd4 Rfd8 13. f3 Rac8 14. g4 a6 15. Bxf6 Bxf6 16. g5 Be7 17. f4 d5 18. e5 Bd7 19. f5 Bb4 20. fxe6 Bxe6 21. Re3 Qc4 22. Kb1 b5 23. Qd3 Qc7 24. Rg1 Qb6 25. Nce2 Bc5 26. h4 Re8 27. h5 Rf8 28. g6 fxg6 29. hxg6 h6 30. Rd1 Rcd8 31. Rf3 Bg4 32. Re3 Bxd4 33. Nxd4 Bxd1 34. Qxd1 Rc8 35. e6 0-1